[Event "Batumi Municipality Cup"]
[Site "Batumi GEO"]
[Date "2018.07.09"]
[Round "8.10"]
[White "Khomeriki, Nino"]
[Black "Pogosyan, Stefan"]
[Result "1-0"]
[WhiteTitle "WIM"]
[BlackTitle "FM"]
[WhiteElo "2257"]
[BlackElo "2356"]
[WhiteFideId "13603191"]
[BlackFideId "34159867"]
[EventDate "2018.07.02"]

1. d4 Nf6 2. Nf3 e6 3. e3 c5 4. Bd3 b6 5. O-O Bb7 6. b3 Be7 7. Bb2 O-O 8. c4
cxd4 9. exd4 d6 10. Nc3 Nbd7 11. d5 e5 12. Nd2 a6 13. a4 g6 14. g3 Nc5 15. Bc2
Bc8 16. b4 Nb7 17. Nb3 Bh3 18. Re1 a5 19. bxa5 bxa5 20. Nb5 Ng4 21. Be4 Qb6 22.
Qe2 f5 23. Bg2 Bxg2 24. Kxg2 h5 25. f3 Nf6 26. f4 Rae8 27. Qe3 Qxe3 28. Rxe3 Ne4
29. fxe5 Bg5 30. Re2 dxe5 31. Nc7 Rc8 32. Ne6 Rfe8 33. c5 Rxe6 34. dxe6 Nbxc5
35. Nxc5 Rxc5 36. Rd1 Kg7 37. Rd7+ Kf6 38. e7 Kf7 39. Ra7 Bd2 40. Rxd2 Nxd2 41.
Ra8 Kxe7 42. Ba3 Nb3 43. Bxc5+ Nxc5 44. Rxa5 Kd6 45. Ra8 g5 46. a5 Kc6 47. a6
Ne4 48. Rb8 1-0

[Event "Batumi Municipality Cup"]
[Site "Batumi GEO"]
[Date "2018.07.09"]
[Round "8.11"]
[White "Lomsadze, Davit"]
[Black "Khalaji, Hanieh"]
[Result "1-0"]
[WhiteTitle "GM"]
[BlackTitle "WFM"]
[WhiteElo "2348"]
[BlackElo "2146"]
[WhiteFideId "13603450"]
[BlackFideId "12506176"]
[EventDate "2018.07.02"]

1. Nf3 d5 2. g3 c6 3. Bg2 Bf5 4. O-O e6 5. d3 h6 6. Nbd2 Nf6 7. Qe1 Be7 8. e4
Bh7 9. Qe2 O-O 10. b3 a5 11. a4 Nbd7 12. Bb2 b5 13. Nd4 Rc8 14. axb5 cxb5 15.
exd5 Nxd5 16. Rfc1 Bf6 17. Ne4 Qb6 18. Nxf6+ N7xf6 19. Qd2 b4 20. Nf3 Nc3 21.
Ne5 a4 22. Nc4 Rxc4 23. bxc4 Qa5 24. Bxc3 bxc3 25. Qe1 a3 26. Ra2 Rb8 27. Rca1 1-0

[Event "Batumi Municipality Cup"]
[Site "Batumi GEO"]
[Date "2018.07.09"]
[Round "8.12"]
[White "Oboladze, Luka"]
[Black "Rahul, S"]
[Result "1-0"]
[WhiteElo "2378"]
[BlackElo "2253"]
[WhiteFideId "13608207"]
[BlackFideId "5092515"]
[EventDate "2018.07.02"]

1. Nf3 Nf6 2. c4 g6 3. g3 Bg7 4. Bg2 O-O 5. O-O d6 6. Nc3 Nc6 7. d3 e5 8. b3 h6
9. Bb2 Be6 10. e3 Qd7 11. d4 exd4 12. Nxd4 Nxd4 13. Qxd4 Ng4 14. Qd2 c6 15. Rad1
Rfd8 16. Ne4 d5 17. Bxg7 Kxg7 18. Qd4+ Kg8 19. Nc5 Qe7 20. Nxe6 Qxe6 21. cxd5
cxd5 22. Bxd5 Qf5 23. h3 Ne5 24. Qf4 Qxf4 25. gxf4 Nc6 26. Bf3 Kg7 27. Rc1 Rd2
28. Rfd1 Rad8 29. Rxd2 Rxd2 30. a3 Rd3 31. Bd1 Na5 32. Rb1 Kf6 33. Kf1 Ke7 34.
Ke2 Rd5 35. b4 Nc4 36. Bb3 b5 37. Bxc4 bxc4 38. Rc1 Rd3 39. a4 Ra3 40. a5 Ra2+
41. Kf3 Rb2 42. Rxc4 Kd7 43. e4 Rb3+ 44. Kg2 Kd6 45. f3 h5 46. Kg3 Rb1 47. e5+
Kd7 48. Rd4+ Ke7 49. f5 gxf5 50. Kf4 Rb3 51. h4 Ke6 52. Rd6+ Ke7 53. Ra6 Rxb4+
54. Kg5 Rb7 55. Kxh5 Kf8 56. Kg5 Kg7 57. Kxf5 Rc7 58. f4 Rb7 59. h5 Rc7 60. Kg5
Rb7 61. f5 Rc7 62. h6+ Kh7 63. Kf6 Kxh6 64. e6 fxe6 65. fxe6 Kh7 66. e7 Rc8 67.
Kf7 Rc4 68. e8=Q Rf4+ 69. Rf6 Rg4 70. Qh8+ 1-0

[Event "Batumi Municipality Cup"]
[Site "Batumi GEO"]
[Date "2018.07.09"]
[Round "8.13"]
[White "Akhvlediani, Irakli"]
[Black "Martynov, Roman"]
[Result "1-0"]
[BlackTitle "FM"]
[WhiteElo "2264"]
[BlackElo "2366"]
[WhiteFideId "13601938"]
[BlackFideId "14132044"]
[EventDate "2018.07.02"]

1. d4 Nf6 2. c4 e6 3. Nf3 b6 4. g3 Bb7 5. Bg2 Bb4+ 6. Bd2 Be7 7. O-O c6 8. Qc2
d5 9. Bf4 O-O 10. Rd1 Na6 11. b3 c5 12. Nc3 Qc8 13. cxd5 Nb4 14. Qd2 Nbxd5 15.
Nxd5 Bxd5 16. dxc5 Bxc5 17. Qb2 Ng4 18. e3 Qb7 19. Ne1 Bxg2 20. Nxg2 Rfd8 21.
Qe2 Nf6 22. Be5 Ne4 23. Bb2 Ng5 24. Qg4 Nf3+ 25. Kh1 Bf8 26. h4 Rac8 27. e4 Nd2
28. Re1 Rd3 29. h5 h6 30. Qe2 Rcd8 31. Rad1 f5 32. exf5 exf5 33. Qe6+ Qf7 34.
Qxf7+ Kxf7 35. Nf4 R3d7 36. Ng6 Kg8 37. Re5 Ne4 38. Rxd7 Rxd7 39. Re8 Rf7 40.
Ba3 Nc5 41. Kg2 Nd7 42. Kf3 Rf6 43. Nxf8 1-0

[Event "Batumi Municipality Cup"]
[Site "Batumi GEO"]
[Date "2018.07.09"]
[Round "8.14"]
[White "Chkhaidze, Nikoloz"]
[Black "Gvetadze, Sofio"]
[Result "0-1"]
[WhiteTitle "FM"]
[BlackTitle "IM"]
[WhiteElo "2337"]
[BlackElo "2316"]
[WhiteFideId "13601750"]
[BlackFideId "13601440"]
[EventDate "2018.07.02"]

1. d4 Nf6 2. c4 c5 3. d5 g6 4. Nc3 Bg7 5. e4 d6 6. Nf3 O-O 7. h3 Na6 8. Bd3 Nc7
9. O-O a6 10. Re1 Rb8 11. e5 Nfe8 12. Bf4 dxe5 13. Bxe5 e6 14. Qe2 f6 15. Bxc7
Nxc7 16. dxe6 Bxe6 17. Rad1 Qe8 18. a4 Qf7 19. Ne4 b6 20. a5 bxa5 21. Nxc5 Bc8
22. b3 f5 23. Ng5 Qf6 24. Qe7 Qxe7 25. Rxe7 Ne8 26. Nce6 Bf6 27. Rxh7 Bxe6 28.
Nxe6 Kxh7 29. Nxf8+ Kg7 30. Ne6+ Kf7 31. Nc5 Be7 32. Nd7 Rxb3 33. c5 Rc3 34. c6
Bd6 35. Bxa6 Rxc6 36. Bb5 Rc2 37. Ba4 Rb2 38. g3 Rb4 39. Bc6 a4 40. Re1 Nc7 41.
Ne5+ Kg7 42. Nd3 Rd4 43. Nf4 a3 44. Re2 g5 45. Ng2 Rc4 46. Bd7 f4 47. gxf4 gxf4
48. Nh4 Kf6 49. Nf3 Rb4 50. Bc6 Ne6 51. Bd5 Nc5 52. Kg2 Kf5 53. Nh4+ Kg5 54.
Nf3+ Kh5 55. Ra2 Ra4 56. Nd2 Nd3 57. Nc4 Bc5 58. Kf3 Kg5 59. Ra1 Nb4 60. Nd2
Nxd5 61. Ne4+ Kf5 62. Nxc5 Rc4 63. Nd3 Rc3 64. Ke2 Ke4 65. Ne1 Nb4 66. Kd2 Rb3
67. f3+ Kd4 68. h4 Rb2+ 69. Kc1 Na2+ 70. Kd1 Kc3 0-1

[Event "Batumi Municipality Cup"]
[Site "Batumi GEO"]
[Date "2018.07.09"]
[Round "8.15"]
[White "Sattarov, Bobir"]
[Black "Al Hosani, Omran"]
[Result "1-0"]
[BlackTitle "FM"]
[WhiteElo "2328"]
[BlackElo "2089"]
[WhiteFideId "14203081"]
[BlackFideId "9308733"]
[EventDate "2018.07.02"]

1. e4 e5 2. Qf3 Nc6 3. Bc4 Nf6 4. Ne2 Bc5 5. c3 d6 6. h3 Qe7 7. d3 Be6 8. Bg5
Bxc4 9. dxc4 Qe6 10. Bxf6 Qxf6 11. Qxf6 gxf6 12. Ng3 h5 13. Nd2 h4 14. Nf5 Ne7
15. g3 Nxf5 16. exf5 Ke7 17. Ne4 a5 18. O-O-O Bb6 19. Rd3 hxg3 20. fxg3 Rag8 21.
Rdd1 Rh7 22. Kd2 Rd8 23. Ke2 c6 24. g4 d5 25. cxd5 cxd5 26. Ng3 Bc5 27. a4 Rhh8
28. Rd2 Rd6 29. Nh5 d4 30. Ng3 dxc3 31. bxc3 Rxd2+ 32. Kxd2 Rd8+ 33. Kc2 Be3 34.
Ne4 b6 35. Re1 Bf4 36. Rd1 Rc8 37. Kb3 Rc6 38. Rd3 Bh2 39. h4 Bf4 40. g5 fxg5
41. hxg5 Bc1 42. Rd1 Be3 43. Rh1 Kf8 44. Rh3 Bf4 45. Rh8+ Kg7 46. Re8 Rc7 47.
Rb8 Be3 48. Kc2 Rd7 49. Re8 Bf4 50. Rc8 Bxg5 51. Nxg5 Kf6 52. Nf3 Kxf5 53. Rb8
Rd6 54. Nd2 Rc6 55. Kb3 Kf4 56. Nc4 e4 57. Nxb6 e3 58. Nd5+ Ke4 59. c4 Re6 60.
Nc3+ Kf3 61. Rf8 Re7 62. c5 e2 63. Nxe2 Kxe2 64. Kc4 Rb7 65. c6 Rb4+ 66. Kd5 Kd3
67. c7 Rd4+ 68. Ke5 Re4+ 69. Kf5 1-0

[Event "Batumi Municipality Cup"]
[Site "Batumi GEO"]
[Date "2018.07.09"]
[Round "8.16"]
[White "Primbetov, Kazbek"]
[Black "Bashirov, Teymur"]
[Result "1/2-1/2"]
[WhiteElo "2257"]
[BlackElo "2379"]
[WhiteFideId "13702297"]
[BlackFideId "13430181"]
[EventDate "2018.07.02"]

1. e4 e5 2. Nf3 Nf6 3. Nc3 Nc6 4. Bb5 Bc5 5. Nxe5 Nxe5 6. d4 Bd6 7. f4 Neg4 8.
e5 Bb4 9. O-O O-O 10. a3 Bxc3 11. bxc3 d5 12. f5 c6 13. Bd3 Qa5 14. Bd2 Re8 15.
exf6 Nxf6 16. g4 h6 17. h4 Ne4 18. g5 hxg5 19. hxg5 g6 20. f6 c5 21. Kg2 cxd4
22. Rh1 Qc7 23. Qf3 Nxd2 24. Qf2 Bg4 25. Rh6 Bh5 26. Rh1 Re3 27. R1xh5 gxh5 28.
g6 Qe5 29. gxf7+ Kxf7 30. Rh7+ Kf8 31. Rh8+ Kf7 32. Rh7+ Kf8 1/2-1/2

[Event "Batumi Municipality Cup"]
[Site "Batumi GEO"]
[Date "2018.07.09"]
[Round "8.17"]
[White "Eynullayev, Altay"]
[Black "Mammadova, Narmin"]
[Result "0-1"]
[WhiteTitle "FM"]
[BlackTitle "WIM"]
[WhiteElo "2134"]
[BlackElo "2209"]
[WhiteFideId "13413562"]
[BlackFideId "13403710"]
[EventDate "2018.07.02"]

1. e4 c6 2. d4 d5 3. f3 e6 4. Nc3 Bb4 5. Bf4 Nf6 6. Qd3 O-O 7. Ne2 b6 8. O-O-O
a5 9. h4 a4 10. h5 Be7 11. g4 Nfd7 12. g5 Bxg5 13. Bxg5 Qxg5+ 14. f4 Qh6 15. Bh3
Ba6 16. Qf3 dxe4 17. Qxe4 Nf6 18. Qe3 Nd5 19. Qf3 Nd7 20. Rhg1 f5 21. Rg5 Qf6
22. Ng3 Bc4 23. h6 g6 24. Kb1 Kh8 25. Nce2 Bxe2 26. Nxe2 b5 27. Bf1 Qe7 28. Nc1
Qd6 29. Nd3 a3 30. Ne5 Nxe5 31. fxe5 Qb4 32. Qb3 Qe7 33. Rg3 axb2 34. Bg2 b4 35.
Bxd5 Ra3 36. Qxb2 Rxg3 37. Bxc6 Rc3 38. d5 exd5 39. Bxd5 Qxe5 40. Qxb4 Rb8 41.
Bb3 Rcc8 42. Qd2 Qf6 43. Re1 Rd8 44. Qe2 g5 45. Qh5 f4 46. Rf1 Rf8 47. Qf3 Qxh6
48. Rh1 Qg7 49. Qd3 f3 50. a4 Rb7 51. Rf1 f2 52. Qe2 Re7 53. Qd2 Re1+ 54. Rxe1
f1=Q 0-1

[Event "Batumi Municipality Cup"]
[Site "Batumi GEO"]
[Date "2018.07.09"]
[Round "8.18"]
[White "Martynyuk, Elizaveta"]
[Black "Stepanyan, Eva"]
[Result "0-1"]
[WhiteTitle "FM"]
[BlackTitle "WFM"]
[WhiteElo "2182"]
[BlackElo "2096"]
[WhiteFideId "24128511"]
[BlackFideId "34165980"]
[EventDate "2018.07.02"]

1. e4 c6 2. Nc3 d5 3. Nf3 Nf6 4. exd5 cxd5 5. d4 Nc6 6. h3 Bf5 7. Bd3 Bxd3 8.
Qxd3 e6 9. O-O Bd6 10. Bg5 h6 11. Bh4 O-O 12. Rae1 Be7 13. Ne5 Nd7 14. Nxc6 bxc6
15. Bxe7 Qxe7 16. f4 Qb4 17. Kh1 c5 18. dxc5 Nxc5 19. Qg3 Qxb2 20. f5 Qxc2 21.
Rf4 Nd3 22. f6 g6 23. Rh4 Nxe1 24. Qxe1 Rfc8 25. Ne2 Rab8 26. Qf2 Rb1+ 27. Kh2
Qd2 28. Qf3 Qg5 29. Rg4 Qe5+ 30. Rf4 Rc4 31. Qg4 Rxf4 32. Nxf4 0-1

[Event "Batumi Municipality Cup"]
[Site "Batumi GEO"]
[Date "2018.07.10"]
[Round "9.1"]
[White "Jumabayev, Rinat"]
[Black "Sindarov, Javokhir"]
[Result "0-1"]
[WhiteTitle "GM"]
[BlackTitle "IM"]
[WhiteElo "2594"]
[BlackElo "2474"]
[WhiteFideId "13702661"]
[BlackFideId "14205483"]
[EventDate "2018.07.02"]

1. Nf3 Nf6 2. c4 g6 3. d4 Bg7 4. g3 O-O 5. Bg2 d6 6. Nc3 Nc6 7. O-O Bg4 8. d5
Na5 9. b3 c5 10. dxc6 bxc6 11. Bg5 h6 12. Be3 c5 13. Qd2 Kh7 14. h3 Bd7 15. Rfd1
Nc6 16. Rac1 Rb8 17. Nh4 Nb4 18. f4 Bc6 19. Bf2 Bxg2 20. Kxg2 Qd7 21. e4 Nxe4
22. Nxe4 Qb7 23. Qe2 f5 24. a3 Na6 25. Rd5 Nc7 26. Rcd1 Nxd5 27. cxd5 Qxb3 28.
Nd2 Qxd5+ 29. Nhf3 Rb7 30. Nc4 Qe4 31. Qf1 Bc3 32. Rc1 Rb3 33. Be1 Bf6 34. Nd2
Rb2 35. Qa6 Rfb8 36. Kf1 Qd5 37. Qc4 Qxc4+ 38. Nxc4 Ra2 39. Nfd2 Bd4 40. Nf3 Bf6
41. Nfd2 Rb5 42. Ke2 d5 43. Ne3 c4 44. Nc2 a6 45. Kd1 Bb2 46. Rb1 Bxa3 47. Rxb5
axb5 48. Nb1 Bb2 49. Nb4 Ra8 50. Kc2 Bg7 51. Nxd5 Ra2+ 52. Kd1 Rb2 53. Na3 Rb3 0-1

[Event "Batumi Municipality Cup"]
[Site "Batumi GEO"]
[Date "2018.07.10"]
[Round "9.3"]
[White "Smirnov, Pavel"]
[Black "Mosadeghpour, Masoud"]
[Result "1/2-1/2"]
[WhiteTitle "GM"]
[BlackTitle "GM"]
[WhiteElo "2576"]
[BlackElo "2531"]
[WhiteFideId "4123425"]
[BlackFideId "12519278"]
[EventDate "2018.07.02"]

1. d4 Nf6 2. c4 g6 3. g3 Bg7 4. Bg2 d5 5. cxd5 Nxd5 6. Nf3 O-O 7. O-O Nb6 8. Nc3
Nc6 9. e3 Bg4 10. h3 Be6 11. b3 a5 12. Ba3 Nb4 13. Qe2 c6 14. Rfc1 Qc8 15. Kh2
Rd8 16. Ne4 Bf5 17. Nc5 Nd7 18. Bxb4 axb4 19. e4 Nxc5 20. exf5 Na6 21. fxg6 hxg6
22. Qxe7 Re8 23. Qh4 Qd8 24. Ng5 Nc7 25. Re1 Ra5 26. Rxe8+ Nxe8 27. d5 cxd5 28.
Re1 Rxa2 29. Bxd5 Rxf2+ 30. Kg1 Nc7 31. Kxf2 Qxd5 32. Nf3 Bc3 33. Re7 Qd6 34.
Re2 Ne6 35. Qc4 Kg7 36. Kg2 Qd7 37. Ne5 Qd4 38. Re4 Qd2+ 39. Re2 Qd4 40. Re4
Qd2+ 41. Re2 1/2-1/2

[Event "Batumi Municipality Cup"]
[Site "Batumi GEO"]
[Date "2018.07.10"]
[Round "9.8"]
[White "Duzhakov, Ilya"]
[Black "Khomeriki, Nino"]
[Result "1/2-1/2"]
[WhiteTitle "IM"]
[BlackTitle "WIM"]
[WhiteElo "2448"]
[BlackElo "2257"]
[WhiteFideId "4192516"]
[BlackFideId "13603191"]
[EventDate "2018.07.02"]

1. d4 Nf6 2. c4 e6 3. Nc3 d5 4. cxd5 exd5 5. Bg5 Be7 6. e3 c6 7. Bd3 Nbd7 8. Nf3
O-O 9. O-O Re8 10. Qc2 Nf8 11. Bxf6 Bxf6 12. b4 Be7 13. Rab1 Bd6 14. b5 1/2-1/2

[Event "Batumi Municipality Cup"]
[Site "Batumi GEO"]
[Date "2018.07.10"]
[Round "9.12"]
[White "Mammadova, Narmin"]
[Black "Suleymanli, Aydin"]
[Result "0-1"]
[WhiteTitle "WIM"]
[BlackTitle "FM"]
[WhiteElo "2209"]
[BlackElo "2266"]
[WhiteFideId "13403710"]
[BlackFideId "13413937"]
[EventDate "2018.07.02"]

1. Nf3 Nf6 2. g3 d5 3. Bg2 Bf5 4. c4 e6 5. O-O c6 6. d4 Nbd7 7. cxd5 cxd5 8. Nc3
a6 9. Qb3 Qb6 10. Qa4 Qb4 11. Ne5 Qxa4 12. Nxa4 Bd6 13. Nxd7 Nxd7 14. Nc3 O-O-O
15. Bf4 Bxf4 16. gxf4 Kb8 17. Rac1 Nb6 18. e3 Rc8 19. b3 Rc7 20. Ne2 Bc2 21. Bf3
Rhc8 22. h4 a5 23. Kh2 a4 24. bxa4 Nxa4 25. Kg3 Ka7 26. h5 b5 27. Kh4 Kb6 28. h6
gxh6 29. Kh5 b4 30. Kxh6 Nb2 31. Ng3 Ra7 32. Ra1 Rca8 33. f5 Rxa2 34. Rxa2 Rxa2
35. Kg7 Ra7 36. fxe6 fxe6+ 37. Kf6 Nc4 38. Rh1 b3 39. Ne2 b2 40. Nc3 Ra3 41. Nb1
Bxb1 42. Rxb1 Ra1 0-1

[Event "Batumi Municipality Cup"]
[Site "Batumi GEO"]
[Date "2018.07.10"]
[Round "9.18"]
[White "Martynyuk, Elizaveta"]
[Black "Eynullayev, Altay"]
[Result "0-1"]
[WhiteTitle "FM"]
[BlackTitle "FM"]
[WhiteElo "2182"]
[BlackElo "2134"]
[WhiteFideId "24128511"]
[BlackFideId "13413562"]
[EventDate "2018.07.02"]

1. e4 e6 2. d4 d5 3. Nc3 Bb4 4. exd5 exd5 5. Bd3 Nc6 6. Ne2 Nge7 7. O-O O-O 8.
a3 Ba5 9. h3 Bf5 10. Be3 Qd7 11. Ng3 Bxd3 12. Qxd3 Bxc3 13. Qxc3 Ng6 14. Ne2
Nce7 15. Rae1 Rae8 16. Bd2 Nf5 17. Qd3 Re4 18. f3 Re7 19. Bb4 Re3 20. Qd2 Rfe8
21. Kf2 Qd8 22. Qd1 Qh4+ 23. Kg1 h6 24. Bd2 R3e6 25. c3 Ne3 26. Bxe3 Rxe3 27.
Qd2 Nf4 28. Nxf4 Rxe1 29. Nxd5 R1e2 30. Qc1 Qg3 31. Nf4 Rxg2+ 0-1